000 00869cam a2200265 a 4500
008
020 _a0781743273 (hbk.)
049 _aMAIN
090 _aRC359.5
_bINF
245 0 0 _aInfections of the central nervous system /
_ceditors, W. Michael Scheld, Richard J. Whitley, Christina M. Marra.
250 _a3rd ed.
260 _aPhiladelphia :
_bLippincott Williams & Wilkins,
_cc2004.
300 _axiv, 939 p. :
_bill. (some col.) ;
_c28 cm.
500 _aincludes index.
504 _aIncludes bibliographical references.
650 0 _aCentral nervous system
_xInfections.
700 1 _aScheld, W. Michael.
700 1 _aWhitley, Richard J.
700 1 _aMarra, Christina M.
907 _a.b10361996
_b11-09-15
_c11-09-15
003
005 20230120204157.0
040 _cNUST
942 _cBOOKS
_kRC359.5
_mINF
999 _c118523
_d118523